1219 1490 1203 1928 1859 1449 1788 1207 1651 1629 1113 1680 1546 1050 1161 1581 1222 1100 1869 1288 1757 1498 1669 1621 1841 1107 1690 1593 1651 1291 1965 1192 1943 1613 1320 1539 1639 1623 1743 1629 1494 1538 1523 1420 1774 1987 1584 1926 1471 1338 1440 1870 1914 1387 1736 1240 1753 1414 1910 1450 1546 1422 1615 1656 1887 1879 1871 1406 1240 1441 1810 1206 1459 1839 1456 1051 1725 1131 1823 1426 1781 1036 1052 1436 1235 1268 1557 1607 1096 1385 1734 1554 1911 1800 1472 1442 1530 1905 1920 BCNSPRNW ULIB Ver.6.0+V

เปลี่ยนเป็นภาษาไทย

Change to English
 แสดงรายละเอียดบรรณานุกรม
  กลับหน้าหลัก

Brief Record : Get Marc (ISO 2709) : E-mail record : QR code < ปิดหน้าต่าง
LEADER : 00000nam 2200000uu 4500
001    13399122717
003     ULIB
008    020711s2555 th a 000 0 tha d
020    9789742473792
050  4 DS520^bป533ร
100    ปัทมาพร คำโท
245    เราคืออาเซียน--ลาว/^cปัทมาพร คำโท
250    พิมพ์ครั้งที่ 4
260    กรุงเทพฯ :^bอมรินทร์คอมมิกส์,^c2555
300    55 หน้า
440  0 ชุด เราคืออาเซียน
650  7 ประชาคมอาเซียน
650  7 อาเซียน
650  7 ลาว
945    ^p75^l0^i20156
999    ^aทศพร เกษรทอง
รายการนี้ยังไม่มีแท็ก
คุณยังไม่ได้ล็อกอิน คุณสามารถมีกิจกรรมร่วมกับเว็บไซต์ได้ แต่ต้องล็อกอินก่อน ::
  ล็อกอิน

รายการสื่อสารสนเทศ

ลำดับที่ ประเภท เลขเรียก/บาร์โค้ด สถานที่ สถานะ
1. การศึกษาทั่วไป
การศึกษาทั่วไป
DS520 ป533ร ฉ.1 
  Barcode: 20156
ห้องสมุดวิทยาเขตนครสวรรค์
►หนังสือทั่วไป:l:General Books
บนชั้น

รายการใกล้เคียง
    ผู้แต่ง [ปัทมาพร คำโท]

    หัวเรื่อง [ประชาคมอาเซียน]
    หัวเรื่อง [อาเซียน]
    หัวเรื่อง [ลาว]

BibComment


ยังไม่เคยถูกคอมเมนท์

คอมเมนท์ทรัพยากรรายการนี้
  คอมเมนท์: เราคืออาเซียนลาว ..


 Copyright 2026. Bcnsprnw @Library